书目信息 |
| 题名: |
中国戏曲电影史
|
|
| 作者: | 高小健 著 | |
| 分册: | ||
| 出版信息: | 北京 文化艺术出版社 2005 |
|
| 页数: | 323页 | |
| 开本: | 23cm | |
| 丛书名: | 电影丛书 | |
| 单 册: | ||
| 中图分类: | J951.2 | |
| 科图分类: | ||
| 主题词: | 戏曲片--电影史--中国 | |
| 电子资源: | ||
| ISBN: | 7-5039-2633-3 | |
| 000 | 00779oam2 2200241 450 | |
| 001 | 1540064878 | |
| 005 | 20150119110809.39 | |
| 010 | @a7-5039-2633-3@dCNY32.00 | |
| 100 | @a20050221d2005 em y0chiy50 ea | |
| 101 | 0 | @achi |
| 102 | @aCN@b110000 | |
| 105 | @aa z 000yy | |
| 200 | 1 | @a中国戏曲电影史@9zhong guo xi qu dian ying shi@f高小健著 |
| 210 | @a北京@c文化艺术出版社@d2005 | |
| 215 | @a323页@c剧照@d23cm | |
| 225 | 2 | @a电影丛书 |
| 330 | @a本书记述了中国戏曲电影的发展历程,对历史发展的每个阶段的时段性特征进行了分析,并且还论述了戏曲电影的艺术特征和美学观念。 | |
| 461 | 0 | @12001 @a电影丛书 |
| 606 | 0 | @a戏曲片@x电影史@y中国 |
| 690 | @aJ951.2@v5 | |
| 701 | 0 | @a高小健@9gao xiao jian@c(影视研究)@4著 |
| 801 | 0 | @aCN@bTSSF@c20150119 |
| 905 | @aZUCC@dJ951.2@eJY29 | |
| 中国戏曲电影史/高小健著.-北京:文化艺术出版社,2005 |
| 323页:剧照;23cm.-(电影丛书) |
| ISBN 7-5039-2633-3:CNY32.00 |
| 本书记述了中国戏曲电影的发展历程,对历史发展的每个阶段的时段性特征进行了分析,并且还论述了戏曲电影的艺术特征和美学观念。 |
| ● |
| 相关链接 |
|
|
|
|
正题名:中国戏曲电影史
索取号:J951.2/JY29
 
预约/预借
| 序号 | 登录号 | 条形码 | 馆藏地/架位号 | 状态 | 备注 |
| 1 | 7848128 | 278481288 | 学院路分馆/ [索取号:J951.2/JY29] | 在馆 | |
| 2 | 7848129 | 278481297 | 学院路分馆/ [索取号:J951.2/JY29] | 在馆 |